00289nam a2200085Ia 4500008004100000041000800041100002000049245009600069260003800165230206s9999 xx 000 0 und d aeng aMurthy E N, Ed. aThe IUP Journal of Intellectual Property Rights & The IUP Journal of Information Technology c2010bIUP PublicationsaHyderabad